[Event "SLO-chT (Women)"]
[Site "Ljubljana"]
[Date "2013.04.19"]
[Round "2.1"]
[White "Vombek, Sara"]
[Black "Orehek, Spela"]
[Result "0-1"]
[WhiteElo "1889"]
[BlackElo "2045"]
[PlyCount "118"]
[EventDate "2013.04.18"]
[EventType "team-tourn"]
[EventRounds "7"]
[EventCountry "SLO"]
[SourceTitle "EXT 2015"]
[Source "ChessBase"]
[SourceDate "2014.11.20"]
[SourceVersion "1"]
[SourceVersionDate "2014.11.20"]
[SourceQuality "1"]
[WhiteTeam "Radenska Pomgrad (W)"]
[BlackTeam "Domzale (W)"]
[WhiteTeamCountry "SLO"]
[BlackTeamCountry "SLO"]

1. e4 d6 2. d4 Nf6 3. Nc3 Nbd7 4. Nf3 e5 5. Be2 Be7 6. 0-0 0-0 7. h3 c6 8. a4 b6 9. b3 Bb7 10. dxe5 dxe5 11. Ba3 Bxa3 12. Rxa3 Qe7 13. Ra1 Qb4 14. Qd2 Rad8 15. Qe3 Rfe8 16. Bc4 h6 17. Rfd1 a6 18. Na2 Qe7 19. Nc3 b5 20. axb5 axb5 21. Be2 Nc5 22. Nd2 Rd7 23. Bf3 Ne6 24. Ne2 Red8 25. Ng3 Qc5 26. Qxc5 Nxc5 27. Ngf1 Rd4 28. c4 Bc8 29. b4 Na4 30. cxb5 cxb5 31. Nb3 Rxd1 32. Rxd1 Rxd1 33. Bxd1 Nxe4 34. Nc1 Nec3 35. Bb3 Kf8 36. Ne3 Ke7 37. Kf1 Be6 38. Bc2 Nb6 39. Nd3 f6 40. Nc5 Nc4 41. Nf5+ Bxf5 42. Bxf5 Nd5 43. Ke2 Nxb4 44. Nd3 Nc6 45. Be4 Nd4+ 46. Kd1 f5 47. Bd5 Kd6 48. Bg8 g5 49. Kc1 e4 50. Nb4 Ke5 51. Bxc4 bxc4 52. Kd2 h5 53. Kc3 Ne2+ 54. Kxc4 Nf4 55. Nc6+ Kf6 56. Nd4 Nxg2 57. Ne2 Nf4 58. Ng1 Nd3 59. f3 Ne5+ 0-1

[Event "SLO-chT (Women)"]
[Site "Murska Sobota"]
[Date "2012.04.22"]
[Round "7"]
[White "Vombek, Sara"]
[Black "Mar, Karmen"]
[Result "1/2-1/2"]
[WhiteElo "1892"]
[BlackElo "2219"]
[PlyCount "132"]
[EventDate "2012.04.13"]
[EventType "team-tourn"]
[EventRounds "7"]
[EventCountry "SLO"]
[SourceTitle "EXT 2022"]
[Source "ChessBase"]
[SourceDate "2021.10.06"]
[SourceVersion "1"]
[SourceVersionDate "2021.10.06"]
[SourceQuality "1"]
[WhiteTeam "Pomgrad Radenska (W)"]
[BlackTeam "Kocevje (W)"]
[WhiteTeamCountry "SLO"]
[BlackTeamCountry "SLO"]

1. e4 c5 2. Nf3 d6 3. d4 cxd4 4. Nxd4 Nf6 5. Nc3 e6 6. Bg5 h6 7. Bh4 Be7 8. Bg3 a6 9. Be2 Nc6 10. 0-0 Bd7 11. Nb3 Qc7 12. Qd2 Rd8 13. Rad1 Ne5 14. Kh1 b5 15. a3 Bc6 16. Bxe5 dxe5 17. Qe3 0-0 18. Nc1 Bb7 19. Nd3 Bxa3 20. Nxb5 axb5 21. bxa3 Nxe4 22. f3 Nc3 23. Rc1 e4 24. fxe4 Bxe4 25. Nb4 Bb7 26. Rf2 Nd5 27. Nxd5 Rxd5 28. Rcf1 Rg5 29. Bd3 Rh5 30. h3 Rg5 31. Kg1 Rg3 32. Qe2 Qc5 33. Kh2 Qd6 34. Kg1 Qd5 35. Kh2 Qg5 36. Rb1 Re3 37. Qg4 Qe5+ 38. Qf4 Qxf4+ 39. Rxf4 Bc6 40. Rfb4 Ra8 41. a4 g6 42. axb5 Bb7 43. Bf1 Rc3 44. Rc4 Rxc4 45. Bxc4 Rc8 46. Bd3 e5 47. c4 e4 48. Be2 Kf8 49. Ra1 Ke8 50. Ra7 Rc7 51. c5 Kd8 52. c6 Bxc6 53. Rxc7 Kxc7 54. bxc6 Kxc6 55. Kg3 Kd5 56. Kf4 f5 57. h4 Ke6 58. Ba6 Kf6 59. Bb7 g5+ 60. hxg5+ hxg5+ 61. Ke3 Ke5 62. Bc8 f4+ 63. Kf2 Kd4 64. Ke2 f3+ 65. gxf3 exf3+ 66. Kxf3 Ke5 1/2-1/2

[Event "SLO-ch (Women)"]
[Site "Ljubljana"]
[Date "2008.08.17"]
[Round "1"]
[White "Vombek, Sara"]
[Black "Kaps, Darja"]
[Result "1/2-1/2"]
[WhiteElo "1888"]
[BlackElo "2287"]
[PlyCount "86"]
[EventDate "2008.08.17"]
[EventType "swiss"]
[EventRounds "9"]
[EventCountry "SLO"]
[SourceTitle "CBM 125 Extra"]
[Source "ChessBase"]
[SourceDate "2008.09.01"]
[SourceVersion "1"]
[SourceVersionDate "2008.09.01"]
[SourceQuality "1"]

1. e4 c6 2. d4 d5 3. exd5 cxd5 4. Bd3 Nc6 5. c3 Nf6 6. Bf4 Bg4 7. Nf3 e6 8. Nbd2 Bd6 9. Bxd6 Qxd6 10. 0-0 0-0 11. Qc2 Rfc8 12. a3 a6 13. Rae1 Bh5 14. Qb1 Bg6 15. Ne5 Nd7 16. Ndf3 Ncxe5 17. Nxe5 Nxe5 18. dxe5 Qc5 19. Kh1 d4 20. Bxg6 hxg6 21. cxd4 Qxd4 22. Re2 Rd8 23. Qc2 Rac8 24. Qb3 b5 25. h3 Rd5 26. Rfe1 a5 27. Kg1 Rcc5 28. Qe3 Qc4 29. Qf3 b4 30. Re4 Qb5 31. axb4 Rc2 32. Rf4 Rxe5 33. Rxe5 Rc1+ 34. Kh2 Qxe5 35. g3 f5 36. Qa8+ Kf7 37. Qa7+ Kf6 38. Qxa5 g5 39. Qd8+ Kg6 40. Qe8+ Kf6 41. Qf8+ Kg6 42. Qe8+ Kf6 43. Qf8+ Kg6 1/2-1/2

[Event "SLO-ch qual"]
[Site "Sentjur"]
[Date "2008.07.05"]
[Round "5"]
[White "Vombek, Sara"]
[Black "Bajraktarevic, Bajro"]
[Result "1-0"]
[WhiteElo "1888"]
[BlackElo "1796"]
[PlyCount "91"]
[EventDate "2008.07.03"]
[EventType "swiss"]
[EventRounds "9"]
[EventCountry "SLO"]
[SourceTitle "EXT 2010"]
[Source "ChessBase"]
[SourceDate "2010.11.25"]
[SourceVersion "1"]
[SourceVersionDate "2010.11.25"]
[SourceQuality "1"]

1. e4 e6 2. d4 d5 3. Nc3 Bb4 4. e5 f6 5. Bd3 Qe7 6. Nf3 Nd7 7. exf6 Ngxf6 8. 0-0 0-0 9. a3 Bxc3 10. bxc3 Ne4 11. Bxe4 dxe4 12. Ng5 b6 13. Nxe4 Bb7 14. Ng3 a5 15. a4 Qh4 16. Qh5 Qxh5 17. Nxh5 g6 18. Ng3 Kg7 19. Re1 Bd5 20. Nf1 Rae8 21. Nd2 Nf6 22. c4 Bc6 23. f3 h6 24. Bb2 Kf7 25. Ne4 Nh5 26. Bc1 g5 27. h4 gxh4 28. Bxh6 Rg8 29. Bd2 Ng3 30. Ng5+ Kf6 31. f4 Nf5 32. Bc3 Bb7 33. d5+ e5 34. Rxe5 Rxe5 35. Bxe5+ Kg6 36. Bxc7 Rc8 37. d6 Nxd6 38. Bxd6 Rxc4 39. Ra2 Bd5 40. Rb2 Rc6 41. Be5 Kf5 42. Nf3 Bxf3 43. gxf3 Ke6 44. Kh2 Kd5 45. Kh3 Rh6 46. Bc7 1-0

[Event "SLO-ch qual"]
[Site "Sentjur"]
[Date "2008.07.04"]
[Round "3"]
[White "Novak, Rok"]
[Black "Vombek, Sara"]
[Result "0-1"]
[WhiteElo "1500"]
[BlackElo "1888"]
[PlyCount "68"]
[EventDate "2008.07.03"]
[EventType "swiss"]
[EventRounds "9"]
[EventCountry "SLO"]
[SourceTitle "EXT 2010"]
[Source "ChessBase"]
[SourceDate "2010.11.25"]
[SourceVersion "1"]
[SourceVersionDate "2010.11.25"]
[SourceQuality "1"]

1. d4 Nf6 2. Nf3 g6 3. c4 Bg7 4. Nc3 0-0 5. e3 d6 6. h3 c5 7. d5 Na6 8. a3 Nc7 9. Bd3 Bd7 10. 0-0 Rb8 11. e4 b5 12. e5 dxe5 13. Nxe5 Nfxd5 14. Nxd5 Bxe5 15. Qe2 Bf6 16. Nxf6+ exf6 17. Qe3 Ne6 18. f4 bxc4 19. Bxc4 Bb5 20. Bxb5 Rxb5 21. f5 Nd4 22. fxg6 fxg6 23. Rd1 Re8 24. Qd3 Qb6 25. Be3 Rxb2 26. Qc4+ Qe6 27. Qxe6+ Nxe6 28. Rd7 c4 29. Rc1 Nf8 30. Rxa7 Rxe3 31. Rxc4 Ree2 32. Ra8 Rxg2+ 33. Kf1 Rbf2+ 34. Ke1 Rc2 0-1

[Event "SLO-ch qual"]
[Site "Sentjur"]
[Date "2008.07.04"]
[Round "2"]
[White "Ramadani, Sarah"]
[Black "Vombek, Sara"]
[Result "0-1"]
[WhiteElo "1571"]
[BlackElo "1888"]
[PlyCount "80"]
[EventDate "2008.07.03"]
[EventType "swiss"]
[EventRounds "9"]
[EventCountry "SLO"]
[SourceTitle "EXT 2010"]
[Source "ChessBase"]
[SourceDate "2010.11.25"]
[SourceVersion "1"]
[SourceVersionDate "2010.11.25"]
[SourceQuality "1"]

1. e4 c5 2. Nf3 Nc6 3. d4 cxd4 4. Nxd4 e5 5. Nb3 Nf6 6. Nc3 Bb4 7. Bd2 Bxc3 8. Bxc3 Nxe4 9. Bxe5 Qe7 10. f4 Nxe5 11. fxe5 Qh4+ 12. g3 Nxg3 13. hxg3 Qxh1 14. Qe2 Qh6 15. Qd2 Qxd2+ 16. Nxd2 0-0 17. 0-0-0 Re8 18. Nc4 Rb8 19. Bh3 b5 20. Nd6 Rxe5 21. Nxc8 Rxc8 22. Bxd7 Rd8 23. g4 Kf8 24. Bf5 Rxd1+ 25. Kxd1 g6 26. Bd3 Ke7 27. Kd2 Kf6 28. Kc3 h5 29. gxh5 gxh5 30. Kb4 h4 31. Bxb5 Rxb5+ 32. Kxb5 h3 33. c4 h2 34. b4 h1Q 35. c5 Qb7+ 36. Kc4 Ke6 37. a4 a6 38. b5 axb5+ 39. axb5 Qd5+ 40. Kb4 Qd4+ 0-1

[Event "SLO-ch qual"]
[Site "Sentjur"]
[Date "2008.07.03"]
[Round "1"]
[White "Vombek, Sara"]
[Black "Sakelsek, Tadej"]
[Result "0-1"]
[WhiteElo "1888"]
[BlackElo "2390"]
[PlyCount "78"]
[EventDate "2008.07.03"]
[EventType "swiss"]
[EventRounds "9"]
[EventCountry "SLO"]
[SourceTitle "EXT 2010"]
[Source "ChessBase"]
[SourceDate "2010.11.25"]
[SourceVersion "1"]
[SourceVersionDate "2010.11.25"]
[SourceQuality "1"]

1. e4 c5 2. Nf3 Nc6 3. d4 cxd4 4. Nxd4 Qc7 5. Nc3 e6 6. Be3 a6 7. Nxc6 bxc6 8. Bd3 Nf6 9. f4 d6 10. 0-0 Be7 11. Qf3 0-0 12. Rae1 e5 13. fxe5 dxe5 14. Qg3 Be6 15. Na4 Kh8 16. Nc5 Bc8 17. Bc4 Ng4 18. Nd3 Nxe3 19. Rxe3 f6 20. Ref3 Bd7 21. Kh1 Qd6 22. Qf2 g6 23. Qe3 Kg7 24. Bb3 a5 25. Rd1 Rad8 26. h3 Bc8 27. Qb6 Qd4 28. Qxc6 Rd6 29. Qc4 Qxc4 30. Bxc4 Bb7 31. Nf2 Rxd1+ 32. Nxd1 Bxe4 33. Rf2 Rd8 34. Nc3 Bb7 35. a3 f5 36. Rf1 Rd2 37. Rd1 Bxg2+ 38. Kh2 Rxc2 39. Be2 Bc6 0-1

[Event "EU-chT U18 Girls 8th"]
[Site "Szeged"]
[Date "2008.06.14"]
[Round "1"]
[White "Vombek, Sara"]
[Black "Rapport, Jovana"]
[Result "0-1"]
[WhiteElo "1888"]
[BlackElo "2217"]
[PlyCount "92"]
[EventDate "2008.06.14"]
[EventType "team-tourn"]
[EventRounds "7"]
[EventCountry "HUN"]
[SourceTitle "EXT 2020"]
[Source "ChessBase"]
[SourceDate "2019.10.17"]
[SourceVersion "1"]
[SourceVersionDate "2019.10.17"]
[SourceQuality "1"]
[WhiteTeam "Slovenia U18 (W)"]
[BlackTeam "Montenegro U18 (W)"]
[WhiteTeamCountry "SLO"]
[BlackTeamCountry "MNE"]

1. e4 d5 2. exd5 Qxd5 3. d4 Nc6 4. Nf3 e5 5. dxe5 Qxd1+ 6. Kxd1 Bg4 7. Bd3 Nxe5 8. Re1 f6 9. Bf4 Bd6 10. Nbd2 0-0-0 11. Bxe5 Bxe5 12. Rb1 Bd6 13. h3 Bh5 14. Ke2 Bg6 15. Bxg6 hxg6 16. Kf1 g5 17. Ne4 Nh6 18. Nxd6+ Rxd6 19. Re7 Nf5 20. Re4 Rd7 21. Rbe1 Kd8 22. b3 c6 23. R1e2 Kc7 24. Rd2 Nd6 25. Red4 Rhd8 26. R4d3 c5 27. c4 Ne4 28. Rxd7+ Rxd7 29. Rxd7+ Kxd7 30. Ke1 Kc6 31. Ng1 b5 32. cxb5+ Kxb5 33. Ne2 Kb4 34. f3 Nc3 35. Nc1 Ka3 36. Nd3 Nxa2 37. Nxc5 Nc1 38. Ne6 Kxb3 39. Nd4+ Kc4 40. Nc2 Nd3+ 41. Kd2 Nf4 42. Ne3+ Kb3 43. Kc1 Kc3 44. Nd1+ Kd3 45. Nf2+ Ke2 46. Ne4 Nxg2 0-1

[Event "SLO-ch U16 Girls playoff"]
[Site "Postojna"]
[Date "2008.02.29"]
[Round "6.1"]
[White "Bucar, Natasa"]
[Black "Vombek, Sara"]
[Result "1-0"]
[WhiteElo "1800"]
[BlackElo "1887"]
[PlyCount "35"]
[EventDate "2008.02.29"]
[EventType "tourn"]
[EventRounds "3"]
[EventCountry "SLO"]
[SourceTitle "EXT 2010"]
[Source "ChessBase"]
[SourceDate "2010.11.25"]
[SourceVersion "1"]
[SourceVersionDate "2010.11.25"]
[SourceQuality "1"]

1. d4 Nf6 2. c4 g6 3. Nc3 Bg7 4. e4 d6 5. Nge2 0-0 6. Ng3 e5 7. d5 a5 8. h4 h5 9. Bg5 Na6 10. Be2 Nc5 11. Bxh5 gxh5 12. Nxh5 a4 13. Qf3 Ncd7 14. Rh3 Qe8 15. Bxf6 Nxf6 16. Nxf6+ Bxf6 17. Rg3+ Bg7 18. Qf6 1-0

[Event "SLO-ch U16 Girls"]
[Site "Postojna"]
[Date "2008.02.25"]
[Round "2"]
[White "Bucar, Natasa"]
[Black "Vombek, Sara"]
[Result "1-0"]
[WhiteElo "1800"]
[BlackElo "1887"]
[PlyCount "106"]
[EventDate "2008.02.24"]
[EventType "tourn"]
[EventRounds "5"]
[EventCountry "SLO"]
[SourceTitle "EXT 2010"]
[Source "ChessBase"]
[SourceDate "2010.11.25"]
[SourceVersion "1"]
[SourceVersionDate "2010.11.25"]
[SourceQuality "1"]

1. d4 Nf6 2. c4 g6 3. Nc3 Bg7 4. e4 d6 5. Nge2 0-0 6. Ng3 e5 7. d5 Nbd7 8. h4 h5 9. Bg5 a6 10. Be2 Qe8 11. Qc2 Nb6 12. a4 Bd7 13. Ra3 Ng4 14. f3 Nh6 15. Nf1 f5 16. Bxh6 Bxh6 17. Bd3 f4 18. a5 Nc8 19. Qb3 Rb8 20. c5 Kg7 21. c6 Bxc6 22. dxc6 Qxc6 23. Qd5 Qd7 24. b4 Qe7 25. Bc4 Re8 26. Nd2 Na7 27. Qd3 Nc6 28. Rb3 g5 29. Nd5 Qd8 30. hxg5 Qxg5 31. Nxc7 Qg3+ 32. Kd1 Re7 33. Ne6+ Kh7 34. Qxd6 Qxg2 35. Rf1 h4 36. b5 axb5 37. Bxb5 Rxe6 38. Qxe6 Rd8 39. Rd3 Nd4 40. Qf7+ Bg7 41. Qh5+ Bh6 42. Qf7+ Bg7 43. Kc1 h3 44. Qh5+ Bh6 45. Kb2 Rc8 46. Rxd4 exd4 47. Qf5+ Kg7 48. Qxc8 Qxd2+ 49. Qc2 Qb4+ 50. Qb3 Qd2+ 51. Kb1 h2 52. Qb2 Qxa5 53. Qxd4+ Kh7 1-0

[Event "SLO-chT U20"]
[Site "Murska Sobota"]
[Date "2007.08.31"]
[Round "9"]
[White "Plaskan, Jure"]
[Black "Vombek, Sara"]
[Result "1-0"]
[WhiteElo "2061"]
[BlackElo "1873"]
[PlyCount "145"]
[EventDate "2007.08.25"]
[EventType "team-swiss"]
[EventRounds "9"]
[EventCountry "SLO"]
[SourceTitle "CBM 120 Extra"]
[Source "ChessBase"]
[SourceDate "2007.11.01"]
[SourceVersion "1"]
[SourceVersionDate "2007.11.01"]
[SourceQuality "1"]

1. e4 c5 2. Nf3 d6 3. d4 cxd4 4. Nxd4 Nf6 5. Nc3 a6 6. Bc4 e6 7. 0-0 b5 8. Bb3 Be7 9. f4 Bb7 10. e5 dxe5 11. fxe5 Bc5 12. Be3 Bxd4 13. Bxd4 Nc6 14. exf6 Qxd4+ 15. Qxd4 Nxd4 16. Rad1 Nxb3 17. axb3 Rg8 18. g3 Rc8 19. Rd4 gxf6 20. Rxf6 Ke7 21. Rdf4 Rg7 22. b4 e5 23. R4f5 Bc6 24. Rh6 e4 25. Kf2 Kd7 26. Rff6 Bb7 27. Rd6+ Kc7 28. Ke3 Re8 29. Nd5+ Bxd5 30. Rxd5 Re6 31. Rh4 f6 32. Rdh5 Kd6 33. Rxh7 Rxh7 34. Rxh7 Kd5 35. Rc7 Kd6 36. Rc5 Ke7 37. b3 Kf7 38. g4 Ke7 39. c4 bxc4 40. Rxc4 Rd6 41. Rxe4+ Kf7 42. h4 Kg6 43. Rd4 Re6+ 44. Kd3 Re1 45. Rd5 Rd1+ 46. Kc4 Rc1+ 47. Kd3 Rd1+ 48. Ke4 Re1+ 49. Kf3 Rb1 50. Rd3 Kf7 51. Ke3 Re1+ 52. Kf3 Rf1+ 53. Ke4 Rg1 54. Kf4 Rf1+ 55. Rf3 Rd1 56. h5 Kg7 57. Ke4 Rg1 58. Kf5 Re1 59. Rc3 Re5+ 60. Kf4 Rd5 61. Rc7+ Kg8 62. Rb7 Kf8 63. Rb6 Kg7 64. Rxa6 Rd4+ 65. Kf5 Rxb4 66. Ra7+ Kg8 67. Rd7 Rxb3 68. Kg6 Kf8 69. Rf7+ Kg8 70. Rxf6 Rb4 71. g5 Rh4 72. Rb6 Kf8 73. h6 1-0